L'Infant i el jove amb problemàtica social / per Martí Masferrer i Mascort
Descripción Física:
114 p. : il. ; 21 cm
Otros Autores:
Consell Nacional de la Joventut de Catalunya
MARC
| LEADER | 00000nam a2200000Ia 4500 | ||
|---|---|---|---|
| 001 | 11094 | ||
| 008 | 160829s1985 xx 000 0 cat d | ||
| 080 | |a S-1-138 | ||
| 100 | |a Masferrer i Mascort, Martí |9 32262 | ||
| 245 | |a L'Infant i el jove amb problemàtica social / per Martí Masferrer i Mascort | ||
| 260 | |a Barcelona : |b Generalitat de Catalunya, Consell Nacional de la Joventut, |c 1985 | ||
| 300 | |a 114 p. : |b il. ; |c 21 cm | ||
| 650 | |a Joventut |x Dret i legislació |x Catalunya |9 35413 | ||
| 650 | |a Joves |x Assistència social |x Dret i legislació |x Catalunya |9 32264 | ||
| 700 | |a Consell Nacional de la Joventut de Catalunya |9 22369 | ||
| 901 | |a Arxiu | ||
| 942 | |n 1 | ||
| 952 | |0 0 |1 0 |4 0 |6 S1138 |7 1 |9 45925 |a Arxiu |b Arxiu |d 2016-12-01 |l 0 |o S-1-138 |p 11094 |r 2016-12-01 00:00:00 |w 2016-12-01 |y ARXIU | ||
| 999 | |c 49426 |d 49426 | ||